「き」から始まる市区町村 - Statistics

General Stats
  • This quiz has been taken 486 times
    467 since last reset
  • The average score is 43 of 64
Answer Stats
都道府県 % Correct
京都市 京都府
92%
木更津市 千葉県
88%
京丹後市 京都府
87%
北広島市 北海道
85%
霧島市 鹿児島県
84%
北区 東京都
83%
君津市 千葉県
83%
岸和田市 大阪府
82%
木曽町 長野県 木曽郡
82%
北秋田市 秋田県
82%
北上市 岩手県
82%
菊川市 静岡県
81%
京田辺市 京都府
81%
桐生市 群馬県
81%
北名古屋市 愛知県
80%
北見市 北海道
80%
喜多方市 福島県
79%
北九州市 福岡県
79%
紀の川市 和歌山県
79%
菊池市 熊本県
78%
北茨城市 茨城県
77%
北広島町 広島県 山県郡
76%
木津川市 京都府
76%
京丹波町 京都府 船井郡
76%
岐阜市 岐阜県
75%
清瀬市 東京都
72%
杵築市 大分県
71%
北本市 埼玉県
69%
肝付町 鹿児島県 肝属郡
69%
木古内町 北海道 上磯郡
67%
宜野湾市 沖縄県
67%
清川村 神奈川県 愛甲郡
67%
木祖村 長野県 木曽郡
66%
北山村 和歌山県 東牟婁郡
64%
紀北町 三重県 北牟婁郡
64%
清須市 愛知県
64%
金武町 沖縄県 国頭郡
62%
喜界町 鹿児島県 大島郡
60%
北大東村 沖縄県 島尻郡
60%
紀宝町 三重県 南牟婁郡
60%
京極町 北海道 虻田郡
60%
北中城村 沖縄県 中頭郡
59%
菊陽町 熊本県 菊池郡
58%
鬼北町 愛媛県 北宇和郡
58%
木曽岬町 三重県 桑名郡
57%
北相木村 長野県 南佐久郡
57%
行田市 埼玉県
57%
清里町 北海道 斜里郡
57%
鋸南町 千葉県 安房郡
57%
岐南町 岐阜県 羽島郡
56%
北川村 高知県 安芸郡
55%
基山町 佐賀県 三養基郡
55%
北方町 岐阜県 本巣郡
54%
北島町 徳島県 板野郡
54%
吉備中央町 岡山県 加賀郡
54%
宜野座村 沖縄県 国頭郡
53%
木島平村 長野県 下高井郡
49%
喜茂別町 北海道 虻田郡
49%
紀美野町 和歌山県 海草郡
48%
錦江町 鹿児島県 肝属郡
48%
北塩原村 福島県 耶麻郡
47%
共和町 北海道 岩内郡
47%
木城町 宮崎県 児湯郡
38%
玉東町 熊本県 玉名郡
38%
No matching quizzes found
Score Distribution
Percent of People with Each Score
Percentile by Number Answered
Your Score History
You have not taken this quiz since the last reset